Meine Wallfahrt nach Mekka: Reise in der Küstengegend und im Innern von Hedschas

Saved in:  
Bibliographic Details
Main Author: Maltzan, Heinrich von 1826-1874 (Author)
Format: Print Book
Language:German
Subito Delivery Service: Order now.
Check availability: HBZ Gateway
Interlibrary Loan:Interlibrary Loan for the Fachinformationsdienste (Specialized Information Services in Germany)
Published: Leipzig Dyk 18XX-
Standardized Subjects / Keyword chains:B Egypt
B Saudi Arabia
Further subjects:B Travel description 1860

MARC

LEADER 00000cam a2200000 ca4500
001 1153151685
003 DE-627
005 20240503191927.0
007 tu
008 000203n18uuuuuuxx ||||| 00| ||ger c
035 |a (DE-627)1153151685 
035 |a (DE-576)083151680 
035 |a (DE-599)BSZ083151680 
035 |a (DE-604)804004470x 
040 |a DE-627  |b ger  |c DE-627  |e rakwb 
041 |a ger 
084 |a 0  |2 ssgn 
084 |a BE 8651  |2 rvk  |0 (DE-625)rvk/10801: 
100 1 |0 (DE-588)118932160  |0 (DE-627)079709788  |0 (DE-576)210438169  |4 aut  |a Maltzan, Heinrich von  |d 1826-1874 
109 |a Maltzan, Heinrich von 1826-1874  |a Maltzan, H. von 1826-1874  |a Maltzahn, Heinrich von 1826-1874  |a Maltzan, Heinrich Freiherr von 1826-1874  |a Maltzan, Heinrich Eckhard Carl Helmuth von 1826-1874  |a Maltzahn, Heinrich Karl Eckard Helmuth von 1826-1874  |a Maltzan, H. E. C. H. von 1826-1874  |a Maltzan, Heinrich 1826-1874  |a Maltzan, Heinrich Karl Eckhardt Helmut von 1826-1874  |a Maltzan, Heinrich Karl Eckhard Helmuth von 1826-1874 
245 1 0 |a Meine Wallfahrt nach Mekka  |b Reise in der Küstengegend und im Innern von Hedschas  |c Heinrich von Maltzan 
264 1 |a Leipzig  |b Dyk  |c 18XX- 
336 |a Text  |b txt  |2 rdacontent 
337 |a ohne Hilfsmittel zu benutzen  |b n  |2 rdamedia 
338 |a Band  |b nc  |2 rdacarrier 
583 1 |a Archivierung/Langzeitarchivierung gewährleistet  |f SLG  |x XA-DE-BW  |z Schlossbibliothek Baden-Baden  |2 pdager  |5 DE-31 
601 |a Wallfahrt 
601 |a Hedschas 
655 7 |a Reisebericht  |y 1860  |0 (DE-588)4076645-7  |0 (DE-627)104189037  |0 (DE-576)209202459  |2 gnd-content 
689 0 0 |d g  |0 (DE-588)4000556-2  |0 (DE-627)104758139  |0 (DE-576)208838619  |2 gnd  |a Ägypten 
689 0 |5 (DE-627) 
689 1 0 |d g  |0 (DE-588)4051788-3  |0 (DE-627)106175270  |0 (DE-576)209095148  |2 gnd  |a Saudi-Arabien 
689 1 |5 (DE-627) 
935 |a mteo 
936 r v |a BE 8651  |b Sakrale Orte (Mekka, Medina), Wallfahrten, Pilgern, Sakralbauten  |k Theologie und Religionswissenschaften  |k Religionswissenschaft  |k Religionsgeschichte  |k Islam  |k Religiöses Leben und Praktiken  |k Sakrale Orte (Mekka, Medina), Wallfahrten, Pilgern, Sakralbauten  |0 (DE-627)1270702017  |0 (DE-625)rvk/10801:  |0 (DE-576)200702017 
951 |a MC 
ELC |b 1 
ITA |a 1  |t 1 
LOK |0 000 xxxxxcx a22 zn 4500 
LOK |0 001 2372691538 
LOK |0 003 DE-627 
LOK |0 004 1153151685 
LOK |0 005 20231031131052 
LOK |0 008 010417||||||||||||||||ger||||||| 
LOK |0 040   |a DE-21  |c DE-627  |d DE-21 
LOK |0 852   |a DE-21 
LOK |0 852 1  |9 00 
LOK |0 935   |a dika 
LOK |0 939   |a 17-04-01  |b l01 
ORI |a SA-MARC-ixtheoa001.raw 
REL |a 1 
STA 0 0 |a Egypt,Egypt,Egypt,Egypt,Saudi Arabia 
STB 0 0 |a Égypte,Égypte 
STC 0 0 |a Egipto,Egipto 
STD 0 0 |a Egitto,Egitto 
STG 0 0 |a Egito,Egito 
STH 0 0 |a Египет (древний, мотив),Египет (мотив) 
STI 0 0 |a Αίγυπτος (αρχαιότητα, μοτίβο),Αίγυπτος (μοτίβο) 
SUB |a REL 
SYG 0 0 |a Ägypten,Ägypten , Aegyptus,Miṣr,Egypt,Chibet,Ghubt,Ghibt,Arabische Republik Ägypten,Dschumhūriyyat Misr al-ʿArabiyya,Ǧumhūriyyat Misr al-ʿArabiyya,República Árabe de Egipto,Ŷumhūriyyat Miṣr Al-ʿArabiyyah,Arab Republic of Egypt,Ǧumhūriyyat Miṣr al-ʿArabiyyah,Arabiese Republiek Egipte,République arabe d'Égypte,Jumhuriyyat Miṣr al-ʿArabiyyah,Repubblica Araba d'Egitto,Egyiptomi Arab Köztársaság,Mısır Arap Cumhuriyeti,Ǧumhūrīyat Miṣr al-ʿArabīya,ARE,Egypte,al- Mamlaka al-Miṣrīya,ad- Daula al-Miṣrīya,Mısır,Egapt,République d'Egypte,Republic of Egypt,Egitto,Kingdom of Egypt,Republica Arabe de Egipto,Maṣr , Al- Mamlaka al-Arabijja as-Saudijja,Königreich Saudi-Arabien,Saudiarabien,Royaume d'Arabie Saoudite,Arabie Saoudite,al- Mamlaka al-ʿArabīya as-Suʿūdīya,al- Mamlaka al-ʿArabīya as-Saʿūdīya,Al- Mamlaka al-'Arabaīya as Su'udīya,as- Suʿūdīya,as- Saʿūdīya,al- Mamlaka al-ʿArabīyya as-Saʿūdīyya,Al- Arabijja As Saudijja,Saudi Arabia,Kingdom of Saudi Arabia,Royaume d'Arabie Séoudite,Saudi Arabian Kingdom,Saudi-Arabia,al- ʾArabīya as-Saūdīya,Mamlaka al-ʾArabīya as-Saūdīya,Arabie Séoudite,Royaume de l'Arabie Saoudite 
TIM |a 000000000000_100019580131  |b  - 1958-01-31